| 000 | 00000nas##2200000za#4500 |
| 001 | 9.506895 |
| 003 | CaOODSP |
| 005 | 20200331214152 |
| 007 | cr ||||||||||| |
| 008 | 150406c1994||||xxc|| m o||||f| |0eng|d |
| 040 | |aCaOODSP|beng |
| 043 | |an-cn--- |
| 086 | 1 |aSC94-47E-PDF |
| 110 | 1 |aCanada.|bCanadian Centre for Management Development. |
| 245 | 10|aCCMD report |h[electronic resource] |
| 260 | |aOttawa - Ontario : |bCanadian Centre for Management Development |c1994-. |
| 310 | |aIrregular |
| 362 | 1 |aNo. 1 - |
| 500 | |a"These reports will outline CCMD's view of current management topics or issues and offer practical guidance to managers."--Preface. |
| 520 | 3 |aThese reports will outline CCMD's view of current management topics or issues and offer practical guidance to managers.--Preface |
| 690 | 07|aLearning|2gcpds |
| 690 | 07|aManagement|2gcpds |
| 775 | 08|tRapport du CCG |w(CaOODSP)9.503292 |
| 776 | 0#|tRapport du CCG |w(CaOODSP)9.509631 |
| 776 | 0#|tCCMD report |w(CaOODSP)9.509630 |